| 000 | 00790nam a2200193 a 4500 | ||
|---|---|---|---|
| 003 | 0 | ||
| 005 | 20250514101345.0 | ||
| 008 | 970101s19uu xx 00 eng d | ||
| 050 |
_aPHS HD 62.15 _b.A44 2004 |
||
| 100 | _aAlejandro, Rose Ann A. | ||
| 245 |
_aA Comparative assessment of educational performance for excellence among selected schools based on the Malcolm Baldrige Model / _cRose Ann A. Alejandro. |
||
| 260 |
_aLas PiƱas City, Philippines : _bSouthville International School and Colleges, _c2004. |
||
| 300 |
_a110 pages ; _c28 cm. |
||
| 504 | _aIncludes bibliographical references. | ||
| 650 |
_aSchool improvement programs _xEvaluation. |
||
| 650 | _aTotal quality management in education. | ||
| 650 |
_aSchool management and organization _xEvaluation. |
||
| 942 |
_2lcc _cPASS |
||
| 999 |
_c97077 _d97077 |
||